The power of self-talk : take control of the nature, power and focus of your inner voice (Record no. 224775)

MARC details
000 -LEADER
fixed length control field 00335nam a2200097Ia 4500
082 ## - DEWEY DECIMAL CLASSIFICATION NUMBER
Classification number 158.1|MDHL
008 - FIXED-LENGTH DATA ELEMENTS--GENERAL INFORMATION
fixed length control field 210817s9999 xx 000 0 und d
100 ## - MAIN ENTRY--PERSONAL NAME
Personal name Mdhluli, M. A. Nelspruit, South Africa, 2013
9 (RLIN) 69543
245 #0 - TITLE STATEMENT
Title The power of self-talk : take control of the nature, power and focus of your inner voice
942 ## - ADDED ENTRY ELEMENTS
item type Books
Holdings
Withdrawn status Lost status Damaged status Not for loan Home library Current library Date acquired Cost, normal purchase price Total Checkouts Barcode Date last seen Price effective from item type
        Emthonjeni PL (MMID-PLEMA-EMTH) Emthonjeni PL (MMID-PLEMA-EMTH) 18.08.2021 120.00   33228021907090 18.08.2021 18.08.2021 Books